01289nam a2200241Ia 4500001000600000003000900006008004100015040001300056040001300069041001200082100001900094100002900113245005300142245005300195250001100248260001100259260001600270260004900286300004200335500061600377650002300993650003101016D4963IT-RoPAU130308s9999 xx 000 0 und d aIT-RoPAU cIT-RoPAU aINGLESE aWilkie Bernard gCodice Aut. SPICS: 11785 aTechnique of Special Effects in Television (The) bTechnique Of Special Effects in television (The) a2a ed. aLONDON bFocal Press c1989 [1° Ed.:1971 - Ed.Ling.Originale:1971] a"282 p. (prefazione: 20; testo: 262)" aTecnica degli Effetti Speciali in Televisione. preparazione e Uso degli Strumenti Speciali per la Scena. Ghiaccio Secco e Suoi Effetti. sequenze di fuoco e Truccatori di Fumo. Pirotecnici ed Esplosivi. Effetti di Pallottole e Bombe. Cannoni, Coltelli e Frecce. scenari e Impianti. Effetti Chimici. Vento, Pioggia, Neve e Nebbia. Uso della Luce per gli Effetti. Dispositivi Ottici e Uso degli Specchi. proiezione Scenica. camere Ad Alta e Bassa Velocità. Miniature. Modelli. Animazioni e Didascalie o Sottitoli. Materiali e Metodi di Fabbricazione. Pubblicità commerciale Televisiva. Glossario. Bibliografia. aTECNICA TELEVISIVA eCodice materia Spics: 6952